Geography Quiz

Random Geography or Asia Quiz
Score 0/49 Timer 09:00
5 Plays Today
% Correct
China
91.9%
Russia
91.6%
India
91.6%
Japan
90.6%
South Korea
90%
North Korea
89.9%
Mongolia
89.1%
Saudi Arabia
89.1%
Turkey
88.5%
Indonesia
87.8%
Philippines
86%
Pakistan
85.4%
Sri Lanka
85.4%
Vietnam
85.2%
Taiwan
84.6%
Iran
84%
Maldives
83.9%
Kazakhstan
82.9%
Nepal
82.5%
Afghanistan
80.6%
Malaysia
79.9%
Iraq
79.9%
Bangladesh
79.7%
Yemen
79.5%
Thailand
79.1%
% Correct
Laos
79%
Oman
79%
Cambodia
78.8%
Syria
77.4%
Myanmar
77.3%
Bhutan
76.7%
Israel
75.9%
Jordan
74.3%
UAE
73.7%
Kuwait
73.6%
Singapore
73.2%
Qatar
71.7%
Timor-Leste
71.4%
Palestine
70.1%
Georgia
68.8%
Armenia
68.3%
Azerbaijan
68.1%
Kyrgyzstan
67.9%
Turkmenistan
67.8%
Uzbekistan
67.2%
Tajikistan
66%
Lebanon
65%
Brunei
64.1%
Bahrain
61%
Remove Ads.
Support Sporcle.
Get the best of Sporcle when you Go Orange. This ad-free experience offers more features, more stats, and more fun while also helping to support Sporcle. Thank you for becoming a member.

You're not logged in!

Compare scores with friends on all Sporcle quizzes.
OR
Log In

Show Comments

Extras

Top Quizzes Today


Score Distribution

Your Account Isn't Verified!

In order to create a playlist on Sporcle, you need to verify the email address you used during registration. Go to your Sporcle Settings to finish the process.

Report this User

Report this user for behavior that violates our Community Guidelines.

Details: